000 00948nam a2200277 a 4500
001 35870
003 BD-RjUL
005 20211209052408.0
008 190211m18891890enkc b 001 0 eng
035 _a(BD-RjUL)35966
040 _aDLC
_cDLC
_beng
_dBD-RjUL
041 _aeng
082 _223
_a598.09541564
_bHUN V-1-2-3 1889-1890
100 1 _aHume, Allan Octavian,
_d1829-1912.
_9228053
245 1 4 _aThe nests and eggs of Indian birds /
_cby Allan O. Hume.
250 _a2nd ed. /
_bedited by Eugene William Oates.
260 _aLondon :
_bR.H. Porter,
_c1889-1890.
300 _a3 v. :
_bIll. ;
_c24 cm.
504 _aIncludes bibliographical references and indexes.
505 0 _aVol. 1 (with four Portraits) -- v. 2 with four Portraits) -- v. 3 with four Portraits)
650 0 _aBirds
_xNests.
_9228054
650 0 _aBirds
_zIndia.
_9228055
700 1 _aOates, Eugene William,
_d1845-1911, ed.
_9228076
942 _2ddc
_cRAR
999 _c35870
_d35870